| 000 | 00798nam a2200253 a 4500 | ||
|---|---|---|---|
| 001 | 69491 | ||
| 003 | BD-RjUL | ||
| 005 | 20211209081908.0 | ||
| 008 | 170412s1986 enka b 101 0 eng | ||
| 020 |
_a047191262X : _c$33.00 (U.S.) |
||
| 035 | _a(BD-RjUL)69703 | ||
| 040 |
_aDLC _cDLC _dBD-RjUL _beng |
||
| 041 | _aeng | ||
| 082 | 0 | 0 |
_a543.65 _223 _bMAS 1986 |
| 245 | 1 | 0 |
_aMass spectrometry in the analysis of large molecules / _cedited by C.J. McNeal. |
| 260 |
_aNew York : _bWiley, _cc1986. |
||
| 300 |
_ax, 221 p. : _bill. ; _c24 cm. |
||
| 504 | _aIncludes bibliographies and index. | ||
| 650 | 0 |
_aMass spectrometry _xCongresses. _9205833 |
|
| 650 | 0 |
_aMacromolecules _xCongresses. _9205834 |
|
| 700 | 1 |
_aMcNeal, C. J. _q(Catherine J.) _9205835 |
|
| 942 |
_2ddc _cBK |
||
| 999 |
_c69491 _d69491 |
||